Statistics for All Mexican States

Click here to take the quiz!

General Stats

  • This quiz has been taken 31 times
  • The average score is 22 of 32

Answer Stats

StatePopulation (2020)% Correct
México16,992,418
100%
Baja California3,769,020
96%
Yucatán2,320,898
96%
Chihuahua3,741,869
92%
Puebla6,583,278
83%
Jalisco8,348,151
79%
Sonora2,944,840
79%
Tabasco2,402,598
79%
Baja California Sur798,447
75%
Nuevo León5,784,442
75%
Oaxaca4,132,148
75%
Aguascalientes1,425,607
71%
Durango1,832,650
71%
Veracruz8,062,579
71%
Chiapas5,543,828
67%
Michoacán4,748,846
67%
Quintana Roo1,857,985
67%
Sinaloa3,026,943
67%
Tamaulipas3,527,735
67%
Zacatecas1,622,138
67%
Guerrero3,540,685
63%
Hidalgo3,082,841
63%
Nayarit1,235,456
63%
Campeche928,363
58%
Morelos1,971,520
58%
Coahuila3,146,771
54%
Colima731,391
54%
Querétaro2,368,467
54%
San Luis Potosí2,822,255
54%
Guanajuato6,166,934
50%
Tlaxcala1,342,977
46%
Mexico City9,209,944
42%

Score Distribution

Percentile by Number Answered

Percent of People with Each Score

Your Score History

You have not taken this quiz